000 01377cam a2200361 a 4500
999 _c10076
_d10076
001 12549963
003 OSt
005 20200101135630.0
008 010716s2001 ii a b 001 0 eng
010 _a 2001361479
020 _a0195639030
025 _aI-E-2001-361479; 79-91
035 _a(DLC) 200136147
037 _bLibrary of Congress -- New Delhi Field Office
_cRs295.00
040 _aDLC
_cDLC
_dDLC
042 _alcode
050 0 0 _aHC79.P6
_bM43 2001
082 0 0 _a339.460287
_221
_bSUB/M
245 0 0 _aMeasurement of inequality and poverty /
_bedited by S. Subramanian.
260 _aNew Delhi :
_bOxford University Press,
_c2001.
300 _ax, 369 p. :
_bill. ;
_c22 cm.
440 0 _aOxford in India readings.
_pReaders in economics.
440 0 _aOxford India paperbacks
504 _aIncludes bibliographical references and indexes.
520 _aContributed articles with reference to developing countries.
650 0 _aPoverty
_xMeasurement.
650 0 _aEquality
_xMeasurement.
700 1 _aSubramanian, S.
_q(Sreenivasan),
_d1953-
_91015
856 4 2 _3Publisher description
_uhttp://www.loc.gov/catdir/enhancements/fy0611/2001361479-d.html
906 _a7
_bcbc
_corigode
_d3
_encip
_f20
_gy-gencatlg
942 _2ddc
_cBK
_h339.460287
_iSUB/M
_k339.460287
_mSUB/M